000 00445nam a2200181Ia 4500
001 15777
005 20260306170221.0
008 260306t2009||||xx |||||||||||||| ||und||
041 _aESP
082 _a620.0042
_bG23
100 _aGarcía Melón, Mónica
_eAUT
245 0 _aFundamentos del diseño en la ingeniería
260 _c2009
300 _a373 páginas :
_c24 cm.
650 _aGEN
654 _aCII
942 _cLIB
_dJUS
_fJUS
_2ddc
_n
999 _c15777
_d15777